[Event "Olympiad-36"]
[Site "Mallorca"]
[Date "2004.10.29"]
[Round "14"]
[White "Dearing, Eddie"]
[Black "Kovacevic, Aleksandar"]
[Result "0-1"]
[WhiteElo "2376"]
[BlackElo "2556"]
[Annotator "Ribli,Z"]
[PlyCount "90"]
[EventDate "2004.10.15"]
[EventType "team-swiss"]
[EventRounds "14"]
[EventCountry "ESP"]
[SourceTitle "CBM 104"]
[Source "ChessBase"]
[SourceDate "2005.01.27"]
[SourceVersion "1"]
[SourceVersionDate "2005.01.27"]
[SourceQuality "1"]
[WhiteTeam "Scotland"]
[BlackTeam "Yugoslavia"]
[WhiteTeamCountry "SCO"]
[BlackTeamCountry "YUG"]

1. c4 Nf6 2. Nc3 c5 3. g3 d5 4. cxd5 Nxd5 5. Bg2 Nc7 6. Qb3 {Das ist die
konsequente Fortsetzung, der b7P hängt, denn die Diagonale des g2-Läufers ist
geöffnet.} Nc6 7. Bxc6+ bxc6 8. Qa4 Qd6 9. d3 e5 10. Nf3 f6 11. O-O Bh3 (11...
Ne6 12. Be3 Bd7 13. Ne4 Qd5 14. Nc3 Qd6 15. Ne4 Qd5 16. Rfc1 f5 17. Nc3 Qd6 18.
Qc4 Be7 19. Na4 Nd4 20. Bxd4 cxd4 21. Nc5 {1-0 Kagan,M-Pizzato,C/AUS Telechess
1995/EXT 98 (66)}) 12. Rd1 Ne6 13. b3 $14 {[%csl Rc5,Rc6] Weiß hat eine
gesunde Bauernstruktur und im Folgenden zielt er mit 14.Ba3 auf den c5-Bauern.
Anderseits hat Schwarz Gegenspiel, weil die weißen Felder am weißen
Königsflügel geschwächt sind.} Be7 14. Ba3 {[%cal Gc3e4,Ge4d6,Ge4c5]} f5 {
Auf diese Weise verteidigt Schwarz sich gegen 15.Ne4.} (14... Nd4 15. Rac1
Nxf3+ 16. exf3 $14) 15. Qc4 {[%csl Rc5][%cal Gc3a4,Ga4c5]} Rd8 16. Rac1 h5 17.
Na4 e4 $132 {[%cal Gd8d1] Schwarz muss vorher gehen. Nach 18.dxe4 gewinnt Qxd1
für Schwarz.} 18. Nxc5 {[#]} Nf4 $1 {[%mdl 64] Ein sehr unerwarteter und
starker Springerzug. Die taktische Pointe des Zugs ist, dass im Falle von 19.
gxf4 die g-Linie geöffnet wird, so dass Schwarz Gegenspiel bekommt.} (18...
exf3 19. Nxe6 Qxa3 20. Nxg7+ Kf8 21. Ne6+ Ke8 22. Nxd8 $18) 19. Nxe4 (19. gxf4
exf3 20. Ne6 Qxa3 21. Nxd8 Rh6 {[%cal Rh6g6,Rg6g1]} (21... Kxd8 22. Qxc6 $18) (
21... Bxd8 22. Qxc6+ Kf7 23. Qxf3 $18) 22. Qg8+ Bf8 (22... Kd7 23. Qxg7 $18)
23. Rxc6 fxe2 24. Re1 Kxd8 25. Rxh6 gxh6 $15) 19... Nxe2+ 20. Kh1 Qd5 {[%mdl
2048]} (20... Qxa3 21. Ne5 $18 {[%cal Rc4f7,Rf7e8,Rc4c6,Rc6e8]}) 21. Bxe7 $2 (
21. Neg5 $1 Nxc1 22. Re1 {[%cal Re1e7]} Rd7 (22... Qxc4 23. Rxe7+ Kf8 24. bxc4
$18) 23. Qb4 c5 (23... O-O 24. Rxe7 $18) 24. Qb8+ Rd8 25. Qxa7 Rd7 26. Qb8+ Rd8
27. Qc7 Rd7 28. Qc8+ Rd8 29. Qxc5 Qxc5 30. Bxc5 Rd7 31. Rxc1 $16) 21... fxe4
$17 22. Qxd5 (22. Ng5 exd3+ 23. Qxd5 Rxd5 $17) 22... Rxd5 23. dxe4 Rxd1+ 24.
Rxd1 Kxe7 25. Rd2 Rf8 {Das Erscheinen des schwarzen Turms sichert den
schwarzen Vorteil.} (25... Bg4 26. Ne5 Rd8 27. Rxd8 (27. Nxc6+ Kf6 $19 {
[%cal Rg4f3,Rf3h1]}) 27... Kxd8 28. Nxc6+ (28. Kg2 c5 $17) 28... Kc7 29. Ne5
Nc3 $17) 26. Rxe2 Rxf3 {Schwarz hat eine Figur mehr und der weiße König steht
sehr schlecht.} 27. Kg1 g5 28. Rc2 Rd3 (28... Kd6 $19) 29. f4 (29. Rc1 g4 $19)
29... gxf4 30. gxf4 Rf3 31. Rf2 Re3 {[%cal Re3e1,Re3e4] Es droht 31...Re1# und
gleichzeitig hängt der e4P - Schwarz gewinnt einen weiteren Bauern und die
Partie.} 32. Rc2 Rxe4 33. Kf2 (33. Rxc6 Rxf4 34. Rc1 Kd6 $19) 33... Kd6 (33...
Rxf4+ 34. Kg3 Bf5 35. Rxc6 Rg4+ 36. Kf2 Rh4 $19) 34. Rc3 Bf5 35. Kg3 Re2 36. a3
a5 37. b4 a4 38. Rc5 Bg4 39. Rc3 Rb2 {[%cal Rb2b3,Rb3g3]} 40. Kh4 Rxh2+ (40...
Rb3 $19) 41. Kg5 Rh3 42. Rc5 Rxa3 43. Ra5 Rg3 44. f5 (44. Rxa4 Bd1+ $19) 44...
a3 45. f6 Be6+ 0-1

[Event "Bled op 13th"]
[Site "Bled"]
[Date "1992.??.??"]
[Round "8"]
[White "Sorokin, Maxim"]
[Black "Grosar, Aljosa"]
[Result "1/2-1/2"]
[WhiteElo "2570"]
[BlackElo "2455"]
[Annotator "Ribli,Z"]
[PlyCount "141"]
[EventDate "1992.03.??"]
[EventType "swiss"]
[EventRounds "9"]
[EventCountry "SLO"]
[SourceTitle "CBM 029"]
[Source "ChessBase"]
[SourceDate "1992.08.01"]
[SourceVersion "1"]
[SourceVersionDate "1992.08.01"]
[SourceQuality "1"]

1. c4 c5 2. Nc3 Nf6 3. g3 d5 4. cxd5 Nxd5 5. Bg2 Nc7 6. Nf3 Nc6 7. Qa4 Bd7 8.
Qe4 g6 9. Ne5 Bg7 10. Nxd7 Qxd7 11. O-O Ne6 (11... O-O 12. a3 Rac8 13. Rb1 Rfd8
14. d3 Ne6 15. Rd1 Ncd4 $10 {Andersson,U-Chandler,M Reyjkjavik WCup 52/53 CBM/
26}) 12. d3 O-O 13. Bd2 Rac8 14. Rfd1 b6 15. Rab1 Ncd4 (15... Rfd8 $5) 16. e3
Nc6 17. Nd5 f5 18. Qa4 Rfd8 19. Bc3 Ne5 20. Qh4 Nc6 21. Bxg7 (21. Qa4 Ne5 $10)
21... Kxg7 22. b4 Nxb4 23. Nxb4 cxb4 24. Qxb4 Rc2 25. Rb2 Rc5 26. d4 Rdc8 27.
Qd2 R5c7 28. d5 Ng5 29. h4 Nf7 30. h5 Qa4 $1 31. hxg6 hxg6 32. Rb4 Qxd1+ $1 33.
Qxd1 Rc1 $15 34. Bf3 Rxd1+ 35. Bxd1 Rc1 36. Rd4 Nd6 37. Kg2 Rb1 38. a4 Rb2 39.
Bf3 Kf6 40. g4 a5 41. gxf5 gxf5 42. Rh4 Rb4 43. Rh6+ Kg7 44. Re6 Kf8 45. Bd1 b5
46. axb5 Rxb5 47. Rh6 Rxd5 48. Bf3 Rc5 49. Rh8+ Kg7 50. Ra8 Kf6 51. Ra6 Kf7 52.
Kg3 Nc4 53. Bh5+ Kg7 54. Be8 Nb2 55. Ra7 Kf6 56. Ra6+ Kg7 57. Bd7 Nd3 58. Ra7
Nb4 59. Rb7 Kf7 60. Kh4 Nd5 61. Bxf5 Nxe3 62. fxe3 Rxf5 63. Kg4 Kf6 64. Ra7 Rb5
65. e4 e6 66. Kf4 e5+ 67. Kg4 Ke6 68. Ra6+ Kd7 69. Kf5 Kc7 70. Re6 Kb7 71. Rxe5
1/2-1/2

[Event "Tatran Cup"]
[Site "Stary Smokovec"]
[Date "1990.??.??"]
[Round "9"]
[White "Cvetkovic, Srdjan"]
[Black "Horvath, Jozsef"]
[Result "0-1"]
[WhiteElo "2430"]
[BlackElo "2540"]
[Annotator "Ribli,Z"]
[PlyCount "74"]
[EventDate "1990.??.??"]
[EventType "tourn"]
[EventRounds "11"]
[EventCountry "CSR"]
[EventCategory "10"]
[SourceTitle "CBM 021"]
[Source "ChessBase"]
[SourceDate "1991.04.01"]
[SourceVersion "1"]
[SourceVersionDate "1991.04.01"]
[SourceQuality "1"]

1. c4 c5 2. Nf3 Nf6 3. Nc3 d5 4. cxd5 Nxd5 5. e4 Nb4 6. Bb5+ N8c6 7. d4 cxd4 8.
a3 Bd7 $5 (8... dxc3 9. Qxd8+ Kxd8 10. axb4 cxb2 11. Bxb2 f6 12. e5 Bg4 13.
Bxc6 bxc6 14. Nd4 fxe5 15. Nxc6+ Kc7 16. Nxe5 $16 {Kasparov,G-Kortschnoj,V
Skelleftea 1989 48/(49)}) 9. axb4 dxc3 10. bxc3 g6 11. Be3 Bg7 12. Qb3 O-O 13.
O-O Qc7 14. Be2 Ne5 15. Rac1 Ng4 16. Bg5 (16. Bd4 $5) 16... Bc6 17. h3 h6 18.
hxg4 $2 (18. Bd2 $5) 18... hxg5 19. Nxg5 Bh6 20. f4 Bxg5 21. fxg5 Qb6+ 22. Rf2
Qe3 $17 23. Rcf1 b5 24. Kh2 Qxe4 25. c4 Qe5+ 26. Kg1 Qxg5 27. cxb5 Bd5 28. Bc4
e6 29. Bxd5 exd5 30. Rd1 Rad8 31. Qf3 d4 32. Qf4 Qxb5 33. Rxd4 Rxd4 34. Qxd4
Re8 35. Qxa7 $2 Re1+ 36. Kh2 Qe5+ 37. g3 Qh8+ 0-1

[Event "Reykjavik op"]
[Site "Reykjavik"]
[Date "1996.??.??"]
[Round "9"]
[White "Conquest, Stuart"]
[Black "Van der Sterren, Paul"]
[Result "0-1"]
[WhiteElo "2540"]
[BlackElo "2535"]
[Annotator "Ribli,Z"]
[PlyCount "52"]
[EventDate "1996.03.??"]
[EventType "swiss"]
[EventRounds "9"]
[EventCountry "ISL"]
[SourceTitle "CBM 052"]
[Source "ChessBase"]
[SourceDate "1996.06.01"]
[SourceVersion "1"]
[SourceVersionDate "1996.06.01"]
[SourceQuality "1"]

1. g3 d5 2. Nf3 Nf6 3. Bg2 c5 4. c4 Nc6 5. cxd5 Nxd5 6. Nc3 Nc7 7. a3 g6 $1 (
7... e5 $2 8. b4 $1 cxb4 9. axb4 Bxb4 10. Nxe5 $1 Nxe5 11. Qa4+ Nc6 12. Bxc6+
bxc6 13. Qxb4 $16) 8. d3 (8. h4 $5 h6 9. d3 $1 (9. b4 {Vaganian,R-Lautier,J/
Horgen/1995/CBM50/INF65,40/}) 9... Bg7 10. Bd2 Bg4 $2 11. Rc1 Qd7 12. Na4 $16 {
Sunye Neto,J-Vaganian,R/Manila izt/1990/CBM19/}) 8... Bg7 9. Be3 $6 $146 {
Diese neue Idee schafft nur dem Anzihenden Probleme. Der Laeufer steht auf e3
nicht gut.} (9. O-O O-O 10. Bd2 b6 (10... Bd7 $5) 11. Rb1 Bb7 (11... a5 $5) 12.
Ne4 Rb8 13. b4 $36 {Gabriel,C-Farago,I/Ljublana/1993/CBM37/}) 9... Nd4 $1 {
Diesen Riesenspringer kann Weiss sehr schwer vertreiben, wenn er seinen Läufer
nicht geben will.} 10. Rc1 O-O 11. O-O (11. Na4 $5 b6 12. Nxd4 (12. b4 Be6 $1
$36 {>< b3}) 12... cxd4 13. Bxa8 Nxa8 (13... dxe3 14. Bf3 Bd4 $44) 14. Bd2 Bb7
$44) 11... Bg4 $1 {Schwarz hat die Eröffnungsprobleme zufriedenstellend gelöst.
} 12. Ng5 $6 {Der Anziehende beginnt jetzt ein harmloses Manoever.} (12. Nd2)
12... h6 13. Nge4 {Normalerweise steht ein Springer im Zentrum gut, aber jetzt
macht der e4-Springer nur fuer Weiss Probleme.} b6 14. b4 cxb4 15. axb4 Qd7 $1
{Schwarz übernimmt die Initiative. Der Nachziehende verstärkt seine Stellung
mit ganz normalen und einfachen Zügen, gegen die Weiß keinen guten Plan findet.
} 16. Re1 Rac8 17. f4 Na6 $1 {[#] Weiss kann Materialverlust nicht vermeiden.}
18. b5 (18. Rb1 f5 $19 {>< c3}) 18... Nxb5 19. Nxb5 Qxb5 20. Rb1 Qd7 21. Qb3
Nc7 22. Bf2 Be6 23. Qa3 Nd5 24. Nd2 Rc2 $1 25. Bxd5 (25. Nc4 Nc3 $19 26. Rb2
Nxe2+ 27. Rxe2 Bxb2 28. Nxb2 Rxe2 $19) (25. Nf3 Nc3 26. Rb2 Nxe2+ 27. Rxe2 Bxb2
$19) 25... Bxd5 26. Nf1 Rfc8 {Schwarz hat in der ganzen Partie nichts
Besonderes gemacht, nur normale und gesunde Züge gespielt. Das reichte, weil
Weiß mit seiner ungewöhnlichen Idee sehr schnell in sich zusammenbrach.} 0-1

[Event "Barcelona"]
[Site "Barcelona"]
[Date "1992.05.??"]
[Round "8"]
[White "Sokolov, Ivan"]
[Black "Lautier, Joel"]
[Result "1-0"]
[WhiteElo "2630"]
[BlackElo "2580"]
[Annotator "Ribli,Z"]
[PlyCount "69"]
[EventDate "1992.05.??"]
[EventType "tourn"]
[EventRounds "11"]
[EventCountry "ESP"]
[EventCategory "13"]
[SourceTitle "CBM 030"]
[Source "ChessBase"]
[SourceDate "1992.10.01"]
[SourceVersion "1"]
[SourceVersionDate "1992.10.01"]
[SourceQuality "1"]

1. Nf3 c5 2. c4 Nf6 3. Nc3 Nc6 4. g3 d5 5. cxd5 Nxd5 6. Bg2 Nc7 7. O-O e5 8. b3
Be7 (8... Bg4 $1 9. Ne1 Qd7 10. Nd3 f6 $13 {Dunnington-Mikhalchishin,A
Groningen op 1990 50/49}) 9. Ne1 (9. Bb2 Bd7 10. Rc1 f6 11. Ne1 O-O 12. Nd3 Ne6
13. Nd5 Rc8 14. e3 Bd6 $13 {Pavlovic,M-Schoen,W Biel op 1990 EXP/19}) 9... O-O
(9... Bd7 $2 10. Nd3 f6 11. f4 exf4 12. Nxf4 $14 {Petrosian,A-Mikhalchishin,A
Dortmund 1990 50/(49)}) 10. Ba3 $5 Nb4 11. Bb2 Rb8 12. Nc2 Nc6 13. Rc1 Be6 14.
Ne3 Qd7 15. Re1 f6 (15... b6 $5) 16. Qc2 Nd4 17. Qb1 b5 (17... b6 $5 $13) 18.
Qa1 f5 (18... Rbd8 19. Nf1 Bh3 $13) 19. Nf1 e4 20. d3 exd3 21. exd3 f4 22. gxf4
Rxf4 23. Ne4 Nf3+ 24. Bxf3 Rxf3 25. Bxg7 Bh3 26. Nfg3 Ne6 27. Qe5 $1 Rb6 28.
Bf6 $1 Bf8 29. Qh5 Nd4 30. Qg5+ Kf7 31. Bxd4 Rg6 (31... cxd4 32. Qh5+ $18) 32.
Qh5 Bg4 33. Qxh7+ Bg7 34. Bxg7 Rxg7 35. Qh4 1-0

[Event "Olympiad-36"]
[Site "Mallorca"]
[Date "2004.10.27"]
[Round "12"]
[White "Gashimov, Vugar"]
[Black "Xu, Jun"]
[Result "1/2-1/2"]
[WhiteElo "2586"]
[BlackElo "2589"]
[Annotator "Ribli,Z"]
[PlyCount "59"]
[EventDate "2004.10.15"]
[EventType "team-swiss"]
[EventRounds "14"]
[EventCountry "ESP"]
[SourceTitle "CBM 104"]
[Source "ChessBase"]
[SourceDate "2005.01.27"]
[SourceVersion "1"]
[SourceVersionDate "2005.01.27"]
[SourceQuality "1"]
[WhiteTeam "Azerbaijan"]
[BlackTeam "China"]
[WhiteTeamCountry "AZE"]
[BlackTeamCountry "CHN"]

1. c4 c5 2. Nc3 Nf6 3. g3 d5 4. cxd5 Nxd5 5. Bg2 Nc7 6. Nf3 {Mit diesem Zug
geht Weiß in die Hauptvariante über, aber stattdessen wäre 6.Qb3 konsequenter
- Weiß könnte die offene Diagonale des g2-Läufers nutzen.} Nc6 7. O-O e5 8. d3
Be7 9. Nd2 {Der Springer zielt auf das c4-Feld und die weiße positionelle
Drohung ist 10.Bxc6 mit viel besserer Bauernstruktur.} Bd7 10. Nc4 O-O {
Dieses Bauernopfer wird selten gespielt - die Alternative 10...f6 ist die
Hauptvariante.} (10... f6 11. f4 $14) 11. Bxc6 Bxc6 12. Nxe5 Be8 {Schwarz hat
das Läuferpaar und die weißfarbigen Felder sind schwach am weißen Königsflügel.
} 13. Be3 (13. Qb3 Bf6 14. Ng4 Bd4 $5 (14... Bc6) 15. e3 Bxc3 16. Qxc3 b6 17.
f3 (17. b3 $5) 17... Bb5 18. Nf2 Qd7 (18... Bc6 $5 19. e4 Nb5 20. Qb3 Nd4 21.
Qd1 f5 22. Be3 fxe4 23. fxe4 Nf3+ 24. Kg2 Ne5 $44) 19. e4 Ne6 $44 {[%csl Yd4]
[%cal Ge6d4] Diese Stellung wurde gespielt in der Partie Piket, J - Kasparov,
G KasparovChess GP 2000 - Schwarz hat Kompensation, weil der d4-Punkt schwach
ist und Schwarz stark auf den weißen Feldern steht.}) 13... Ne6 14. Qb3 Bf6 15.
f4 {Weiß verteidigt den e5-Springer, aber schwächt die weiße Königsstellung.
Meiner persönlichen Meinung nach bietet die Alternative 15.Nf3 Weiß mehr
Chancen auf einen Eröffnungsvorteil.} (15. Nf3 Bc6 16. Ne4 Bd4 $44) 15... Bxe5
16. fxe5 Bc6 $44 {[%csl Gc6,Yd4][%cal Gc6h1][%mdl 4] Der c6B steht
ausgezeichnet und kontrolliert alle wichtige weißen Felder; das d4-Feld ist
ein positionelles Loch in der weißen Stellung.} 17. Qc4 (17. Nb5 Bxb5 18. Qxb5
Qd5 $11) 17... Qc7 {Schwarz beschäftigt sich nicht mit der Verteidigung des
c5-Bauern, sondern konzentriert sich auf den e5-Bauern.} 18. Rf5 (18. Bxc5 $2
b5 $17 {[%csl Rc4,Rc5]}) (18. Nd5 $5 Qxe5 19. Ne7+ Kh8 20. Qc1 Bd7 21. Rf5 Qb8
$2 (21... Qd6 $1 22. Bxc5 Nxc5 23. Qxc5 Qxc5+ 24. Rxc5 Rfe8 $1 $10) 22. Qc4 $1
Qd8 23. Qh4 g5 (23... f6 24. Qxh7+ {/\ Rh5#}) 24. Rxg5 $1 f6 25. Ng6+ Kg7 26.
Nxf8+ fxg5 27. Qxh7+ Kxf8 28. Bxc5+ $3 {1-0 Sahovic,D-Joksic,S/Jugoslavija (ch)
21/63 1976/[Sahovic,D] (28)}) 18... g6 19. Qg4 Nd4 (19... Kh8 20. Bg5 Nxg5 21.
Qxg5 gxf5 22. Qf6+ $11) 20. Bxd4 (20. Rff1 Qxe5 $15) 20... cxd4 21. Ne4 Bxe4 (
21... Kh8 $2 22. Nf6 $16) 22. dxe4 Rae8 {[%csl Re5]} 23. Rd1 {[%mdl 256] Weiß
verteidigt sich gut - er zielt auf den d4-Bauern.} Rxe5 24. Qf4 gxf5 $11 (24...
Rfe8 25. Rxe5 Rxe5 26. Rxd4 Qc5 27. Qe3 $11) 25. Qg5+ Kh8 26. Qf6+ Kg8 27. Qg5+
Kh8 28. Qf6+ Kg8 29. Qg5+ Kh8 30. Qf6+ 1/2-1/2

[Event "EU-chT (Men) 13th"]
[Site "Leon"]
[Date "2001.11.08"]
[Round "3.3"]
[White "Norri, Joose"]
[Black "Votava, Jan"]
[Result "0-1"]
[WhiteElo "2418"]
[BlackElo "2503"]
[Annotator "Ribli,Z"]
[PlyCount "58"]
[EventDate "2001.11.06"]
[EventType "team-swiss"]
[EventRounds "9"]
[EventCountry "ESP"]
[SourceTitle "CBM 086"]
[Source "ChessBase"]
[SourceDate "2002.02.05"]
[SourceVersion "1"]
[SourceVersionDate "2002.02.05"]
[SourceQuality "1"]
[WhiteTeam "Finland"]
[BlackTeam "Czech Republic"]
[WhiteTeamCountry "FIN"]
[BlackTeamCountry "CZE"]

1. Nf3 Nf6 2. c4 c5 3. Nc3 d5 {Das ist interessant - Weiß ist besser
entwickelt, und doch ist es Schwarz, der die Stellung öffnet. Ich möchte
anmerken, dass Schwarz mit dieser Variante gute Ergebnisse in der
Turnierpraxis erzielt hat.} 4. cxd5 Nxd5 5. e4 (5. d4) (5. e3) 5... Nxc3 6.
dxc3 {Diese bescheidene Fortsetzung bietet Weiß keine Hoffnung auf
Eröffnungsvorteil.} (6. bxc3 g6 7. d4 {Durch Zugumstellung haben wir eine
Hauptvariante der Grünfeldindischen Verteidigung erreicht.}) 6... Qc7 $5 {
Mit diesem Zug umgeht Schwarz die frühzeitige Vereinfachung der Partie, aber
auch nach dem Damentausch hätte Schwarz keine Probleme.} (6... Qxd1+ 7. Kxd1
Bg4 $11) 7. g3 $6 {Dieser Zug bedeutet einen Zeitverlust, denn Weiß entwickelt
seinen weißfeldrigen Läufer in zwei Zügen. 7.Bc4 war beispielsweise auch
möglich. Ein weiterer Nachteil des Textzuges ist, dass der Läufer auf g2 wegen
des Pe4 nicht sehr aktiv stehen wird.} (7. Bc4 Nc6 (7... e6 8. Bg5 Nc6 9. Qd2
Be7 10. O-O a6 11. Bxe7 Qxe7 12. e5 b5 13. Bd3 Bb7 14. Qf4 Qc7 15. Qg5 {
1/2-1/2 Stangl,M-Fominyh,A/Balassagyarmat 1990/EXT 97 (40)}) 8. O-O e6 9. Qe2
Bd6 10. Bg5 O-O 11. Rad1 a6 12. Bd3 b5 13. Bb1 Bb7 14. e5 $2 Bxe5 15. Nxe5 Nxe5
16. Bf4 Qc6 17. f3 Ng6 18. Bg3 Rad8 {0-1 Van Wely,L-Svidler,P/Wijk aan Zee
1999/CBM 68 ext (37)}) 7... Nc6 8. Bg2 e5 $5 $11 {Schwarz geht freiwillig die
Schwächung des Feldes d5 ein, da der weiße Springer jedoch auf f3 steht, hat
diese Schwächung kein großes Gewicht. Die Hauptidee des Zuges besteht in der
Festlegung des Zentrums und der Einschließung des Bg2.} (8... b6 $11 {[%cal
Gc8a6]}) 9. O-O Be7 10. Nd2 $6 {Es ist verständlich, dass Weiß das
Springermanöver Nc4 - Ne3 - Nd5 durchführen möchte, dabei bleibt der Bc1 aber
passiv.} (10. Be3 $11 {Anschließend kann Weiß 11.Qe2 nebst 12. Rfd1 spielen -
mit etwa gleichen Chancen.}) 10... Be6 11. Qe2 Bg5 $1 {[%mdl 32] Schwarz
beabsichtigt den Abtausch der schwarzfeldrigen Läufer - wonach Weiß den
"schlechten" Bg2 übrig behielte.} 12. Rd1 $6 (12. Nc4 Bxc1 (12... h6 13. f4 $13
) 13. Raxc1 $11) 12... O-O-O $15 {[%cal Gd8d1] Schwarz hat
Entwicklungsvorsprung und eindeutig die Kontrolle über die d - Linie. Sein
Plan ist einfach, er möchte die Türme auf der d - Linie verdoppeln.} 13. Nf1
Rxd1 14. Qxd1 Rd8 15. Qc2 (15. Qe2 Bxc1 16. Rxc1 Bxa2 $17) 15... Bxc1 16. Rxc1
Rd6 {Die positionelle Drohung von Schwarz ist 17...Qd7 oder 17...Qd8 mit
voller Kontrolle über die d - Linie.} (16... Bxa2 $6 17. b3 Qa5 18. b4 $13) 17.
Ne3 Qd8 (17... Qd7 $15) 18. Nd5 f5 19. c4 $6 {[%csl Yd4] Dieser Zug verhilft
Schwarz zu einem "ewigen" Springerposten auf d4. Zwar steht auch der weiße Nd5
aktiv, aber - das ist der große Unterschied zwischen dem weißen und dem
schwarzen Läufer - Schwarz kann den weißen Springer abtauschen, wann er will.
- Auf der anderen Seite bekommt Weiß durch den Textzug ein paar taktische
Gegenchancen.} (19. f3 Qg5 (19... Bxd5 $2 20. exd5 Ne7 21. c4 $14) 20. Rd1 $15)
19... Nd4 {[%csl Gd4]} 20. Qd3 f4 21. b4 $5 {Weiß versucht, im Trüben zu
fischen.} (21. gxf4 exf4 22. e5 Bf5 {[%cal Gd6g6,Gg6g1]} 23. Ne7+ $5 Qxe7 24.
exd6 Qxd6 $44) 21... Ra6 (21... fxg3 22. hxg3 Qg5 $15) 22. a3 (22. gxf4 Rxa2
$36 {[%cal Rd4e2,Re2c1,Re2g1]}) 22... Qf8 $1 {[%cal Gf8a3]} 23. gxf4 (23. b5
Rd6 $15) 23... exf4 24. bxc5 (24. e5 f3 $40) 24... Qxc5 {[%csl Gc5]} 25. Nxf4 (
25. Rd1 Rxa3 26. Qxd4 Qxd4 27. Rxd4 Ra1+ 28. Bf1 Bh3 $19) 25... Rxa3 {[%mdl
2048]} 26. Nxe6 $2 (26. Qd2 $1 $132) 26... Rxd3 (26... Nxe6 $2 27. Qd5 $16) 27.
Nxc5 Ne2+ 28. Kf1 Nxc1 29. Nxd3 Nxd3 $19 {[%csl Ga7] Nach einer Reihe
forcierter Züge ist ein Endspiel entstanden, in dem Schwarz einen sehr starken
ernfernten Freibauer auf der a-Linie und einen aktiven Springer besitzt. Der
weiße Läufer hingegen steht - wie schon in der ganzen Partie - passiv.} (29...
Nxd3 30. Ke2 (30. Bh3+ Kc7 $19) 30... Nf4+ 31. Kf3 Nxg2 32. Kxg2 a5 $19) 0-1

[Event "Bern zt"]
[Site "Bern"]
[Date "1990.??.??"]
[Round "11"]
[White "Bischoff, Klaus"]
[Black "Lobron, Eric"]
[Result "1/2-1/2"]
[WhiteElo "2505"]
[BlackElo "2545"]
[Annotator "Ribli,Z"]
[PlyCount "88"]
[EventDate "1990.01.??"]
[EventType "tourn"]
[EventRounds "15"]
[EventCountry "SUI"]
[EventCategory "9"]
[SourceTitle "CBM 017"]
[Source "ChessBase"]
[SourceDate "1990.08.01"]
[SourceVersion "1"]
[SourceVersionDate "1990.08.01"]
[SourceQuality "1"]

1. c4 c5 2. g3 Nf6 3. Bg2 d5 4. cxd5 Nxd5 5. Nc3 Nc7 6. b3 {6.Qb3!?, Nc6 7.
Bxc6+, bxc6 8.Nf3, f6 9.Qa4! (9.d3, e5 10.Be3, Bh3! Lerner,K-Dzhandzhava,L
URS-FL56 Simferopol 1988) 9...Bd7 10.0-0, e5 11.d3 +/= Dorfman,I-Thorsteins,K
New York op (2) 1989 CBM/12} e5 7. Bb2 Be7 8. Rc1 O-O 9. Nh3 {9.Na4!?, Nd7 10.
e3, Rb8 11.Ne2 /\ d4 +/= Schwarz} a5 $5 10. O-O Ra6 $5 11. f3 Rh6 12. Nf2 Nd7
13. Nd3 b6 14. f4 Ba6 $1 15. Nxe5 Nxe5 16. fxe5 Qd4+ 17. e3 Qxe5 18. Rf2 Qe6
19. Ne4 Nd5 20. a3 f5 21. Nc3 Nxc3 22. Bxc3 Bd3 23. Bf1 Bxf1 24. Qxf1 Qxb3 25.
Rxf5 Rxf5 {25...Qxa3? 26.Qc4+, Kh8 27.Rxf8+, Bxf8 28. Rf1 +/-} 26. Qxf5 Qe6 27.
Qf3 Qc6 28. Qxc6 Rxc6 29. a4 $1 Bf6 30. Kf2 Kf7 31. Ke2 Bxc3 32. Rxc3 Rh6 33.
h4 Rg6 34. Kf3 Rd6 35. Ke2 h5 36. Rd3 Rg6 37. Kf3 Rf6+ 38. Ke4 Ke7 39. Rd5 Rf1
40. d4 cxd4 41. exd4 g6 42. Rg5 Kf7 43. Rb5 Re1+ 44. Kf4 Rf1+ 1/2-1/2